| 000 | 00961cam a2200289 i 4500 | ||
|---|---|---|---|
| 999 |
_c24203 _d24203 |
||
| 001 | 24203 | ||
| 003 | Mx-PuUPA | ||
| 005 | 20191008155415.0 | ||
| 008 | 140415s1994 nyu gr 001 0 eng d | ||
| 020 | _a0452272424 (pbk) | ||
| 040 |
_aMx-PuUPA _bspa _cMx-PuUPA _dMx-PuUPA _erda |
||
| 041 | 0 | _aeng | |
| 100 | 1 |
_aCarlson, Richard, _eautor |
|
| 245 | 1 | 0 |
_aYou can feel good again / _cRichard Carlson |
| 264 | 1 |
_aNew York : _bPlume, _c1994 |
|
| 300 |
_ax, 180 páginas ; _c20 cm |
||
| 336 |
_atexto _2rdacontent _btxt |
||
| 337 |
_asin medio _2rdamedia _bn |
||
| 338 |
_avolumen _2rdacarrier _bnc |
||
| 500 | _aCommonsense strategies for releasing unhappiness and changing your life | ||
| 650 | 4 | _aDepresión mental | |
| 650 | 4 |
_aAutoestima _xTécnicas |
|
| 942 |
_2ddc _cLI _h616.527 _iC257 |
||